000 00769nam a22002657a 4500
001 BR7303735
003 BR-BrBNA
005 20230928084003.0
007 ta
008 230509b bl.||||| |||| 00| 0 por d
040 _aBR-BrBNA
_bpor
_cBiblioteca Nacional de Agricultura
041 _a(Por)
072 _aU20
_b/G514
090 _ U20 BR7303735
100 1 _aPino, F.A.
110 1 _aInstituto de Economia Agricola, Sao Paulo, SP (Brasil)
_96029
245 1 _aUtilizacao de computadores em pesquisas socio-economicas no setor agricola [Brasil]
260 3 _aSao Paulo, SP (Brasil):
_c1975.
300 _a17 p.
500 _a8 ref.
650 _aCOMPUTADOR
650 _aPROCESSAMENTO DA INFORMACAO
909 _a202309
_bLucia
_c55
_dLucia Elande
942 _cBK
999 _c16168
_d16168